DISTRIBUTED OPERATING SYATEMS (Record no. 8226)

MARC details
000 -LEADER
fixed length control field 00555nam a22001577a 4500
003 - CONTROL NUMBER IDENTIFIER
control field SGT
020 ## - INTERNATIONAL STANDARD BOOK NUMBER
International Standard Book Number 9788120313804
082 ## - DEWEY DECIMAL CLASSIFICATION NUMBER
Classification number 005.44
Item number SIN
100 ## - MAIN ENTRY--PERSONAL NAME
Personal name SINHA,PRADEEP K
245 ## - TITLE STATEMENT
Title DISTRIBUTED OPERATING SYATEMS
Remainder of title CONCEPTS AND DESIGN
260 ## - PUBLICATION, DISTRIBUTION, ETC. (IMPRINT)
Place of publication, distribution, etc NEW DELHI
Name of publisher, distributor, etc PHI
Year of Publication 2014
300 ## - PAGE DESCRIPTION
No. of Pages 743
650 ## - SUBJECT ADDED ENTRY--TOPICAL TERM
Topical term or geographic name as entry element COMPUTER SCIENCE ENGINEERING
653 ## - KEYWORDS--INDEX TERM
Keyword term COMPUTER NETWORKS, MESSAGE PASSING,REMOTE PROCEDURE CALLS,DISTRIBUTED SHARED MEMORY, SYNCHRONIZATION,RESOURCE MANAGEMENT, PROCESS MANAGEMENT,DISTRIBUTED FILE SYSTEMS, NAMING, SECURITY
942 ## - ADDED ENTRY ELEMENTS (KOHA)
Source of classification or shelving scheme Dewey Decimal Classification
Koha item type Books
Holdings
Withdrawn status Lost status Source of classification or shelving scheme Damaged status Use restrictions Not for loan Collection code Home library Current library Shelving location Date acquired Vendor Name Cost, normal purchase price SGTU Full call number Accession No. (Barcode) Date last seen Bill Date Koha item type
    Dewey Decimal Classification   Restricted Access Not For Loan ENGINEERING SGT Engineering Library SGT Engineering Library Reference Book 12/01/2016 GIFTED 450.00 SGTU 005.44 SIN FE6495 12/01/2016 12/01/2016 Books